[Event "IPCA Wch 10th"]
[Site "Bialystok"]
[Date "2010.06.29"]
[Round "5"]
[White "Tocklin, Tomi"]
[Black "Kurochkina, Elena"]
[Result "1/2-1/2"]
[WhiteElo "1885"]
[BlackElo "1827"]
[PlyCount "47"]
[EventDate "2010.06.26"]
[EventType "swiss"]
[EventRounds "9"]
[EventCountry "POL"]
[SourceTitle "EXT 2012"]
[Source "ChessBase"]
[SourceDate "2011.11.24"]
[SourceVersion "1"]
[SourceVersionDate "2011.11.24"]
[SourceQuality "1"]

1. e4 e6 2. d4 d5 3. exd5 exd5 4. Bf4 Nf6 5. Nf3 Be7 6. Bd3 0-0 7. 0-0 Bg4 8. Nbd2 Nc6 9. c3 Bd6 10. Bg5 h6 11. Bh4 Be7 12. Qc2 Re8 13. Rfe1 Nh5 14. Bxe7 Nxe7 15. Ne5 Be6 16. g3 Nf6 17. f4 Qd6 18. Ndf3 c5 19. dxc5 Qxc5+ 20. Nd4 Nc6 21. Qf2 Nxe5 22. fxe5 Nd7 23. Rad1 Bg4 24. e6 1/2-1/2

[Event "IPCA Wch 10th"]
[Site "Bialystok"]
[Date "2010.06.27"]
[Round "3"]
[White "Marievsky, Maxim"]
[Black "Kurochkina, Elena"]
[Result "1-0"]
[WhiteElo "2024"]
[BlackElo "1827"]
[PlyCount "95"]
[EventDate "2010.06.26"]
[EventType "swiss"]
[EventRounds "9"]
[EventCountry "POL"]
[SourceTitle "EXT 2012"]
[Source "ChessBase"]
[SourceDate "2011.11.24"]
[SourceVersion "1"]
[SourceVersionDate "2011.11.24"]
[SourceQuality "1"]

1. f4 d5 2. Nf3 Nf6 3. g3 e6 4. Bg2 c5 5. 0-0 Nc6 6. d3 Be7 7. h3 0-0 8. Be3 b6 9. Nbd2 Bb7 10. Bf2 Qc7 11. c4 Rad8 12. Qc1 e5 13. cxd5 Nxd5 14. f5 Bd6 15. a3 Nd4 16. Nxd4 exd4 17. Ne4 Be5 18. b4 Ne3 19. Re1 Nxf5 20. g4 Bxe4 21. Bxe4 Bf4 22. Bxf5 Bxc1 23. Raxc1 Qe5 24. Be4 cxb4 25. axb4 Qb5 26. Rc4 Qe5 27. Rec1 g6 28. Kg2 f5 29. Bg3 f4 30. Bf2 Rf7 31. Bf3 Rdd7 32. Rc8+ Kg7 33. R8c4 h5 34. R1c2 Kh6 35. Bg1 Rfe7 36. Bf2 Rd6 37. Bh4 Re8 38. Rc7 a5 39. g5+ Qxg5+ 40. Bxg5+ Kxg5 41. bxa5 bxa5 42. R2c5+ Kf6 43. Rxa5 Rb6 44. h4 Re3 45. Rd5 Rb4 46. Rd6+ Kf5 47. Rd5+ Re5 48. Be4+ 1-0